000 00592nam a2200205Ia 4500
003 OSt
005 20230418115452.0
008 210423s2008 xx 000 0 und d
020 _a9788174466297
040 _cAL
041 _aeng
082 _a658.049 SINP
_223
100 _aSINHA (Pradip Kumar);SINHA (Sanchari).
_989990
245 _aInternational business management: a global perspective.
260 _aNew Delhi
_bExcel Books
_c2008
300 _axi,527
_bPB
365 _b325
_cINR
906 _abusiness ; global ; International ; management: ; perspective.
942 _2ddc
_cBK
999 _c159512
_d159512